MARC

LEADER 00000nam0a2200000 4500
001 372593
005 20231102012506.0
010 |a 5274002218 
020 |a RU  |b 88-47539 
035 |a (RuTPU)RU\TPU\retro\30017 
035 |a RU\TPU\book\231463 
090 |a 372593 
100 |a 20221215d1988 k y0rusy5003 ca 
101 1 |a rus  |c cze 
102 |a RU 
105 |a a z 001zy 
200 1 |a Стеклокристаллические материалы  |e пер. с чеш.  |f З. Стрнад  |g под ред. Б. Г. Варшала, И. Н. Князева 
210 |a Москва  |c Стройиздат  |d 1988 
215 |a 254,[1] с.  |c ил.  |d 21 см 
320 |a Библиогр.: с. 244-253. 
606 1 |a Стеклокристаллические материалы  |2 stltpush  |3 (RuTPU)RU\TPU\subj\69449  |9 84300 
610 1 |a ситаллы 
610 1 |a стеклокристаллические материалы 
610 1 |a характеристика 
610 1 |a фазовые переходы 
610 1 |a простейшие системы 
610 1 |a кристаллизация 
610 1 |a изготовление 
610 1 |a свойства 
675 |a 666.26  |z rus 
700 1 |a Стрнад  |b З.  |4 070 
702 1 |a Варшал  |b Б. Г.  |4 340 
702 1 |a Князева  |b И. Н.  |4 730 
801 0 |a RU  |b RuMRKP  |c 19950417  |g psbo 
801 1 |a RU  |b 63413507  |c 20120321 
801 2 |a RU  |b 63413507  |c 20221215  |g RCR 
942 |c BK